Statistiques concernant Culture Générale - Série 1289

Cliquez ici pour prendre le quiz!

Statistiques générales

  • Ce quiz a été pris 38 fois
  • Le résultat moyen est 5 sur 10

Statistiques - réponses

QuestionRéponse% Correct
Quel réalisateur prénommé James a mis en scène les films Titanic et Avatar ?Cameron
86%
De quelle chanteuse Jenifer a-t-elle repris les titres dans son album Ma déclaration ?France Gall
75%
Quelle chanson de Boney M évoque la vie et la mort d'un célèbre religieux russe qui conseillait le tsar Nicholas II ?Rasputin
75%
Dans quel film Russell Crowe incarne-t-il Maximus Decimus Meridius ?Gladiator
72%
Dans quel film de Guillaume Canet suit-on les vacances d'un groupe d'amis partis malgré l'accident de l'un d'entre eux ?Les Petits Mouchoirs
67%
Quel agent secret a affronté des adversaires tels que Tric-Trac, Oddjob, ou encore Requin ?James Bond
61%
Quel était le nom du guitariste des Rita Mitsouko ?Fred Chichin
42%
De quel commissaire de télévision N'Guma et Kaplan sont-ils les inspecteurs ?Julie Lescaut
39%
De quel groupe Benoît Poher, surnommé "Ben", est-il le chanteur ?Kyo
17%
Quel artiste américain a reçu la plus haute distinction française, la Légion d'honneur, en 2013 ?Bob Dylan
3%

Distribution des résultats

Percentile par nombre de réponses

% des personnes avec chaque résultat

Votre développement - résultats

Vous n’avez pas pris ce quiz